Statistics for Biggest cities in UEFA

Click here to take the quiz!

General Stats

  • This quiz has been taken 37 times
  • The average score is 18 of 25

Answer Stats

City% Correct
London
100%
Paris
97%
Barcelona
95%
Berlin
95%
Madrid
95%
Rome
95%
Istanbul
92%
Milan
92%
Moscow
92%
Manchester
84%
Athens
81%
Kiev
78%
Lisbon
78%
St Petersburg
76%
Vienna
76%
Ankara
73%
Naples
73%
Birmingham
68%
Brussels
59%
Minsk
49%
Tel Aviv
41%
Izmir
38%
Baku
35%
Almaty
22%
Bursa
22%

Score Distribution

Percentile by Number Answered

Percent of People with Each Score

Your Score History

You have not taken this quiz